000 00351nam a2200145Ia 4500
008 090124s9999 xx 000 0 und d
082 _b302511
245 _a बंगला
250 _a1
260 _bबांदोडकर गौरी
_c1991
300 _a196
630 _a बंगला
730 _a बंगला
942 _cBOOK
999 _c192148
_d192148